Toynbee in Elysium ; a fantasy in one act /

Bibliographic Details
Main Author: Purcell, Victor, 1896-1965
Format: Book
Language:English
Published: New York : Sagamore Press, [1959]
Subjects:

MARC

Tag First Indicator Second Indicator Subfields
LEADER 00000cam a2200000 4500
001 in00000035891
005 20151007063536.0
008 740820s1959 nyu 00000 eng u
010 |a  59007860  
035 |a (OCoLC)00983028 
035 |9 AAD7642AM 
040 |c HEI  |d TXA  |d UtOrBLW 
049 |a TXAM  |c [308775] 
050 0 0 |a PR6031.U7  |b T6 
082 0 |a 822.912 
092 |a 822  |b P985t 
100 1 |a Purcell, Victor,  |d 1896-1965. 
245 1 0 |a Toynbee in Elysium ;  |b a fantasy in one act /  |c by Myra Buttle [pseudonym]. 
264 1 |a New York :  |b Sagamore Press,  |c [1959] 
300 |a 96 pages ;  |c 22 cm. 
336 |a text  |b txt  |2 rdacontent 
337 |a unmediated  |b n  |2 rdamedia 
338 |a volume  |b nc  |2 rdacarrier 
600 1 0 |a Toynbee, Arnold,  |d 1889-1975  |x Drama. 
999 |a MARS 
999 f f |s e7a0bc6b-a571-30c3-9da8-dbc51bcaab2c  |i 34ab7d7a-1cfc-3cce-a401-2e683420bb6a  |t 0 
952 f f |p ric  |a Texas A&M University  |b Rellis Campus  |c Joint Library Facility  |d Remote Storage  |t 0  |e PR6031.U7 T6  |h Library of Congress classification  |i unmediated -- volume  |m A14801299463 
998 f f |a PR6031.U7 T6  |t 0  |l Remote Storage